La littérature française du Moyen-Âge-XVIème siècle - Statistiques

Statistiques générales
  • Ce quiz a été pris 389 fois
  • Le résultat moyen est 5 sur 15
Statistiques - réponses
Oeuvres Auteur % Correct
Pantagruel Rabelais
88%
Les Essais Montaigne
82%
Perceval ou le Conte du Graal Chrétien de Troyes
66%
Sonnets pour Hélène Ronsard
60%
Défense et Illustration de la langue française du Bellay
42%
Discours de la servitude volontaire La Boétie
28%
Le Testament Villon
26%
Le lai du chèvrefeuille Marie de France
22%
L'adolescence clémentine Marot
14%
La Chanson de Roland Anonyme
13%
Sonnets Labé
13%
L'Héptaméron Navarre
12%
Le Roman de la Rose Lorris et Meung
8%
Histoire de Saint-Louis Joinville
6%
La Conquête de Constantinople Villehardouin
3%
Aucun quiz correspondant
Distribution des résultats
% des personnes avec chaque résultat
Percentile par nombre de réponses
Votre historique - résultats
Vous n’avez pas pris ce quiz